Score 0/42 Timer 04:00
0 Plays Today
1980s Movies Missing Word % Correct
___ to the FutureBack
97.4%
___ the 13thFriday
97.2%
Against All ___Odds
96.8%
___ Hills CopBeverly
96.5%
A ___ on Elm StreetNightmare
94.9%
When ___ Met SallyHarry
94.1%
Raiders of the Lost ___Ark
94.1%
Lethal ___Weapon
93.8%
___ AttractionFatal
93.2%
Do the ___ ThingRight
93%
Dead ___ SocietyPoets
92.4%
Driving Miss ___Daisy
92.2%
Full ___ JacketMetal
92.1%
Chariots of ___Fire
91.2%
___ DundeeCrocodile
90.4%
Blade ___Runner
89.3%
___ of EndearmentTerms
89.2%
A Fish Called ___Wanda
88%
Raging ___Bull
85.5%
___ MagnoliasSteel
84.4%
The ___ ChillBig
84.1%
1980s Movies Missing Word % Correct
Desperately ___ SusanSeeking
82.9%
Coal Miner's ___Daughter
82.7%
My ___ FootLeft
82.3%
An ___ and a GentlemanOfficer
79%
An American ___ in LondonWerewolf
78%
This Is ___ TapSpinal
76.8%
Bill & Ted's ___ AdventureExcellent
76.2%
___ ArizonaRaising
74.3%
___ VelvetBlue
72.1%
Jagged ___Edge
68.4%
Sex, Lies and ___Videotape
67.2%
Pink Floyd: The ___Wall
65.8%
The Gods Must Be ___Crazy
57.2%
The Accidental ___Tourist
54.9%
Prizzi's ___Honor
52.5%
The Last ___ of ChristTemptation
46.9%
My ___ with AndreDinner
33.2%
___ and GloryHope
28.6%
___ and AlexanderFanny
18%
___ RaoulEating
18%
___ MorantBreaker
17.5%

Today's Daily Dose

Missing Word
'T' Pairs

Word Ladder
Game Pieces

Get the Picture
Baseball Movies

Remove Ads.
Support Sporcle.
Get the best of Sporcle when you Go Orange. This ad-free experience offers more features, more stats, and more fun while also helping to support Sporcle. Thank you for becoming a member.

You're not logged in!

Compare scores with friends on all Sporcle quizzes.
OR
Log In

Show Comments

Extras

Top Quizzes Today


Score Distribution

Your Account Isn't Verified!

In order to create a playlist on Sporcle, you need to verify the email address you used during registration. Go to your Sporcle Settings to finish the process.

Report this User

Report this user for behavior that violates our Community Guidelines.

Details: